Datum a čas kvízu
32.5
Celkem bodů
Celkový počet nahraných bodů na tomto kvízu bez doplňovacích otázek.
8.
Pořadí na kvízu
Konečné umístění týmu na tomto kvízu.
Zaznamenané odpovědi
# | Otázka | Odpověď | Body | Výsledky |
---|---|---|---|---|
1. | Ministerstvo obrany minulý týd... | Leopard | 1 | |
2. | Společnost SpaceX provedla min... | C) banán | 1 | |
3. | 70letá herečka Pamela Hayden,... | Milhouse (Van Houten) | 0 | |
4. | Jedna evropská automobilka min... | Jaguar | 0 | |
5. | Minulý týden se v Las Vegas de... | Max Verstappen | 1 | |
6. | Začneme ve Sluneční soustavě.... | Uran | 0 | |
7. | Níže jsou tři měsíce Jupiteru... | D | 0 | |
8. | Třetí otázka se bude týkat sou... | Štír (uznáváme i odpověď Škorpion) | 1 | |
9. | Nyní se podíváme na velmi vzdá... | Koňská hlava | 1 | |
10. | V poslední otázce se podíváme... | D) pulsar | 0 |